Estatísticas para Cidades Brasileiras por Aeroporto

Clique aqui para jogar o quiz

Estatísticas Gerais

  • Esse quiz foi jogado 215 vezes
  • A pontuação média é 27 de 30

Estatísticas das Respostas

AeroportosCidade% Correto
Confins, PampulhaBelo Horizonte
99%
Galeão, Santos DumontRio de Janeiro
99%
Congonhas, CumbicaSão Paulo
99%
Afonso PenaCuritiba
97%
Juscelino KubitschekBrasília
96%
Salgado FilhoPorto Alegre
96%
Hercílio LuzFlorianópolis
95%
Luís Eduardo MagalhãesSalvador
95%
Marechal RondonCuiabá
93%
Eduardo GomesManaus
93%
GuararapesRecife
93%
ViracoposCampinas
92%
Zumbi dos PalmaresMaceió
92%
Antônio JoãoCampo Grande
90%
Pinto MartinsFortaleza
90%
Augusto SeveroNatal
90%
Eurico SallesVitória
89%
Santa MariaAracaju
88%
Santa GenovevaGoiânia
88%
Julio Cezar RibeiroBelém
87%
Presidente Castro PintoJoão Pessoa
87%
Alberto AlcolumbreMacapá
87%
Governador Jorge TeixeiraPorto Velho
87%
Plácido de CastroRio Branco
87%
Senador Petrônio PortellaTeresina
86%
Marechal Cunha MachadoSão Luís
85%
Brigadeiro Lysias RodriguesPalmas
84%
Atlas Brasil CatanhedeBoa Vista
81%
CataratasFoz do Iguaçu
81%
Ministro Victor KonderNavegantes
45%

Distribuição das Pontuações

Percentil de Números Respondidos

Porcentagem de Pessoas com Cada Pontuação

Sua Pontuação Histórica

Você não jogou esse quiz